<The> Czech Way of Addressing the Global Challenges Accompanied with Creative Industries

Kreatívny priemysel a jeho viacnásobné definície a jazykové obmedzenia. Tvorba a šírenie nástrojov na meranie a začlenenie kreatívnych odvetví do národnej ekonomiky. Vytváranie verejných politík v oblasti kultúry a možné dilemy s nimi súvisiace.

Na minha lista:
Detalhes bibliográficos
Autor principal: Mičák, Peter
Formato: Capítulo de Livro
Idioma:inglês
Assuntos:
Tags: Adicionar Tag
Sem tags, seja o primeiro a adicionar uma tag!

MARC

LEADER 00000naa a2200000 4500
001 0277713
005 20210805091826.4
041 0 |a eng 
044 |a SK 
245 1 0 |a <The> Czech Way of Addressing the Global Challenges Accompanied with Creative Industries  |c Peter Mičák 
520 |a Kreatívny priemysel a jeho viacnásobné definície a jazykové obmedzenia. Tvorba a šírenie nástrojov na meranie a začlenenie kreatívnych odvetví do národnej ekonomiky. Vytváranie verejných politík v oblasti kultúry a možné dilemy s nimi súvisiace. 
610 2 0 |a priemysel kreatívny 
610 2 0 |a kultúra 
610 2 0 |a ekonomika kreatívna 
610 2 0 |a kreativita 
610 2 0 |a politika 
610 2 0 |a Česko 
100 1 |a Mičák, Peter